000 00830nam a2200265Ia 4500
003 OSt
005 20221005053838.0
006 a|||||r|||| 00| 0
007 ta
008 221004b |||||||| |||| 00| 0 eng d
020 _a9781849041850 (pbk)
_c1766
024 _a1528
037 _b196, 16/08/2012, Om Book Distributots
_cTextual
040 _aCRL
_cCRL
_beng
041 _2eng
_aeng
082 _aW:(U42), Q2
100 _aLyons Terrence
_9142807
245 0 _aPolitics from afar
_bTransnational diasporas and networks
260 _aLondon
_bHurst & Company UK
_c2012
300 _axi,278p.
_ccm.
650 _aPOLITICAL SCIENCE
700 _a Mandaville Peter
942 _hW:(U42), Q2
_cTEXL
_2cc
999 _c962651
_d962651